00334nam a2200121 a 4500008004100000020001500041050001500056100002600071245006000097260002500157300002100182350000900203120416s0000 ||||||||||||||||| || u a0340763825 aRD 734 Ath aAthanasou, Nicholas A10aPathological basis of orthopaedic and rheumatic desease aLondonbArnoldc2001 avi, 385p. : ill. a0.00